| 000 | 00609nam a2200241Ia 4500 | ||
|---|---|---|---|
| 003 | OSt | ||
| 005 | 20230403103846.0 | ||
| 008 | 210423s1968 xx 000 0 und d | ||
| 020 | _a716604736 | ||
| 040 | _cAL | ||
| 041 | _aeng | ||
| 082 | _a030 WORL | ||
| 100 |
_aWORLD Book encyclopaedia _982276 |
||
| 245 | _aWorld book encyclopaedia | ||
| 260 |
_aChicago _bField Enterprises educational corporation _c1968 |
||
| 300 |
_avii,628 _bHB |
||
| 365 | _cINR | ||
| 440 | _v16 | ||
| 650 |
_aEncyclopedic Works _982277 |
||
| 650 |
_aGeneral _982278 |
||
| 906 | _aencyclopedia. ; World | ||
| 942 |
_2ddc _cBK |
||
| 999 |
_c157929 _d157929 |
||